Statistics for shawn mendes first lines

Click here to take the quiz!

General Stats

  • This quiz has been taken 874 times
  • The average score is 9 of 15

Answer Stats

HintAnswer% Correct
I love it when you just don't carelife of the party
86%
I thought that I'd been hurt beforestitches
86%
All the strings attached girlstrings
79%
I promise that one day I'll be aroundnever be alone
74%
Play the lotto you might win it.something big
69%
Re-rewind Friday night, never forget itaftertaste
67%
You can’t walk the streets at nightshow you
65%
She would not show that she was afraida little too much
59%
I know that we just metkid in love
59%
Never thought that we would end up hereair
55%
I wanna go back,the weight
54%
Think I don't need a watch to tell the timecrazy
52%
Oh, you waited so long Sometimesi dont even know your name
50%
I watch your troubled eyes as you rest,this is what it takes
43%
Time warp in the middle of a daydreamone of those nights
41%

Score Distribution

Percentile by Number Answered

Percent of People with Each Score

Your Score History

You have not taken this quiz